000 00857nab a2200205 i 4500
001 768714001
003 CO-MdFUSB
005 20240506110956.0
008 240502t1966 sp ||||| |||| 00| 0 spa d
040 _bspa
_cCO-MdFUSB
_dCO-MdFUSB
041 _aspa
100 _aVorgrimler, Herbert,
_eautor
245 _aCuestiones en torno al descenso de Cristo a los infiernos
_c/ Herbert Vorgrimler
520 _aEs un estudio acerca del descenso de Cristo a los infiernos, los temas centrales de la teología y la universalidad de la redención.
650 7 _aTeología dogmática
_96937
650 7 _aCristología
_9239
773 0 _049450
_982569
_oR2501
_tRevista internacional de teología Concilium
_w(CO-MdFUSB)8
_x0210-1041
_gNúmero 11, (enero, 1966), páginas: 140 - 151
_qpágina: 140
942 _cANA
945 _aCatherine Arias Álvarez practicante SENA
999 _c69481
_d69481